000 00799nam a2200241Ia 4500
003 OSt
005 20221005112526.0
006 a|||||r|||| 00| 0
007 ta
008 221004b |||||||| |||| 00| 0 pan d
020 _a9789350178911 (hbk)
_c250
024 _a3890
037 _b750, 12/03/2013, Bright Book Service
_cTextual
040 _aCRL
_cCRL
_bpan
041 _2pan
_apan
082 _aU8, 153Q2
100 _aਸਰਹੱਦੀ, ਸੁਲੱਖਣ
245 0 _aਹੁਗਲੀ ਤੋ੍ਵ ਅਟਕ ਪਾਰ
260 _aਚੰਡੀਗੜ
_bਲੋਕਗੀਤ ਭਾਰਤ
_c2012
300 _a224ਪੰ
_ccm.
942 _hU8, 153Q2
_cTEXL
_2cc
999 _c1025160
_d1025160